F1 Winners: Jenson Button - Statistics

General Stats
  • This quiz has been taken 51 times
  • The average score is 13 of 15
Answer Stats
Year Team Race % Correct
2012 McLaren Brazil
90%
2011 McLaren Canada
88%
2006 Honda Hungary
88%
2011 McLaren Hungary
88%
2009 Brawn GP Australia
86%
2010 McLaren Australia
86%
2012 McLaren Australia
86%
2011 McLaren Japan
86%
2012 McLaren Japan
86%
2009 Brawn GP Monaco
86%
2010 McLaren China
84%
2009 Brawn GP Spain
84%
2009 Brawn GP Bahrain
78%
2009 Brawn GP Malaysia
78%
2009 Brawn GP Turkey
61%
No matching quizzes found
Score Distribution
Percent of People with Each Score
Percentile by Number Answered
Your Score History
You have not taken this quiz